000 00934nam a2200193 a 4500
008 120416s1994 ||||||||||||||||| || u
020 _a8120315049
050 _aTD 193.5 Env
100 _aCutter, Susan L
245 1 0 _aEnvironmental risks and hazards
_cedited by Susan L. Cutter
260 _aNew Delhi:
_bPrentice-Hall of India
_c1994
300 _axvi, 413p.: ill.
350 _a0.00
650 _aENVIRONMENT
650 _aENVIRONMENTAL RISKS
995 _aMAIN LIBRARY OPEN ACCESS
_D0.00
_e732817
_FCBU-MAIN LIBRARY (Kitwe)
_H1
_I43.95
_jTD 193.5 Env
_M1
_UAVAILABLE
_y44442
_ZMain Library Open Access Collection
995 _aANNEX COLLECTION (Main Library)
_D0.00
_e732818
_FCBU-MAIN LIBRARY (Kitwe)
_H2
_I43.95
_jTD 193.5 Env
_M2
_UAVAILABLE
_y44443
_ZAnnex Low-Usage Collection
995 _aMAIN LIBRARY OPEN ACCESS
_D0.00
_e732816
_FCBU-MAIN LIBRARY (Kitwe)
_H3
_I43.95
_jTD 193.5 Env
_M3
_UAVAILABLE
_y44441
_ZMain Library Open Access Collection
999 _c62759
_d62759